Focus sur: Eldarion - Tolkien - Statistiques

Statistiques générales
  • Ce quiz a été pris 13 fois
  • Le résultat moyen est 9 sur 12
Statistiques - réponses
Informations recherchées Réponses % Correct
Espèce Homme
92%
Professions et titres Roi du Royaume Réunifié du Gondor et de l'Arnor
92%
Couleur des cheveux Brun
83%
Première apparition Le Seigneur des Anneaux: Le Retour du Roi
83%
Père Aragorn II
75%
Contrée Gondor
75%
Age durant lequel il vécut Quatrième
75%
Royaume Royaume réunifié de Gondor et d'Arnor
75%
Mère Arwen Undómiel
67%
Cité Minas Tirith
67%
Lignée Númenor
58%
Acteur l'interprétant dans les films Sadwyn Brophy
17%
Aucun quiz correspondant
Distribution des résultats
% des personnes avec chaque résultat
Percentile par nombre de réponses
Votre historique - résultats
Vous n’avez pas pris ce quiz